| 000 | 00814nam a22001577a 4500 | ||
|---|---|---|---|
| 003 | LRUA | ||
| 005 | 20191209144156.0 | ||
| 008 | 191209b xxu||||| |||| 00| 0 eng d | ||
| 040 | _cRUA | ||
| 082 | _aLMA KEO 2017 B652 or.1 | ||
| 100 |
_914038 _aKEO SOPHEAK កែវ សុភក្រ័ |
||
| 245 | _astudy on pricess of formal land transaction in sangkat veal sbov khan chbar ompov phnom penh សិក្សារពីដំណើរការនៃការផ្ទេរសិទ្ធលើអចលនវត្ថុជាលក្ខណះផ្លូវការនៅក្នុងសង្កាត់វាលស្បូវ ខណ្ឌច្បារអំពៅ រាជធានីភ្នំពេញ | ||
| 260 |
_aRUA _bPhnom penh _c2017 |
||
| 300 |
_axi;41p _bill; _c29cm |
||
| 942 |
_2ddc _cLMA |
||
| 999 |
_c18484 _d18484 |
||